Markets and income inequality in rural China: political advantage in an expanding economy (Record no. 53122)

000 -LEADER
fixed length control field 01543pab a2200181 454500
008 - FIXED-LENGTH DATA ELEMENTS--GENERAL INFORMATION
fixed length control field 180718b2002 xxu||||| |||| 00| 0 eng d
100 ## - MAIN ENTRY--PERSONAL NAME
Personal name Walder, Andrew G.
245 ## - TITLE STATEMENT
Title Markets and income inequality in rural China: political advantage in an expanding economy
260 ## - PUBLICATION, DISTRIBUTION, ETC.
Date of publication, distribution, etc. 2002
300 ## - PHYSICAL DESCRIPTION
Extent p.231-53.
362 ## - DATES OF PUBLICATION AND/OR SEQUENTIAL DESIGNATION
Dates of publication and/or sequential designation Apr
520 ## - SUMMARY, ETC.
Summary, etc. When market reform generates rapid growth in an agrarian subsistence economy, changes in inequality may be due to economic growth and structural change rather than to the intrinsic features of markets. The case of post-Mao China is examined using nationally representative survey data gathered in 1996 to address unresolved questions about findingss from 1980s ' surveys. Well into reform's second decade, political office holding has a large net impact on household income-comparable to that of operating a private enterprise. Contrary to findings based on earlier surveys and expectations about the impact of growth, cadre household advantages are stable across levels and forms of economic expansion. Returns to entrepreneurship, however, decline sharply with the spread of wage employment. Future declines in relative returns to political position are therefore unlikely to occur due to the further spread of private household entrepreneurship, and theories of change based on this mechanism appear untenable. - Reproduced.
650 ## - SUBJECT ADDED ENTRY--TOPICAL TERM
Topical term or geographic name entry element Income distribution - China
650 ## - SUBJECT ADDED ENTRY--TOPICAL TERM
Topical term or geographic name entry element Economic growth - China
650 ## - SUBJECT ADDED ENTRY--TOPICAL TERM
Topical term or geographic name entry element Economic growth
773 ## - HOST ITEM ENTRY
Main entry heading American Sociological Review
909 ## -
-- 53122
Holdings
Withdrawn status Lost status Damaged status Not for loan Permanent Location Current Location Date acquired Serial Enumeration / chronology Barcode Date last seen Price effective from Koha item type
        Indian Institute of Public Administration Indian Institute of Public Administration 2018-07-19 Volume no: 67, Issue no: 2 AR53559 2018-07-19 2018-07-19 Articles

Powered by Koha